Responses for Show #4628 - Wednesday, October 20, 2004

2004-B Kids Week game 3.

Contestants

[<< previous game]

Tamika Turner, an 11-year-old eighth grader from Sylvania, Ohio

Grace Thomas, an 11-year-old sixth grader from Raleigh, North Carolina

Josh Klein, a 12-year-old seventh grader from Philadelphia, Pennsylvania

[next game >>]

Jeopardy! Round responses

HISTORY PROBLEMS
NICK BEFORE NIGHT
COMPUTING 101
MR. NOODLE
PRESIDENTS' CHILDREN
KIDSPEAK
    $200 21
(Grace: What is... oh, darn... [*]? [got it in on the buzzer!])

36

Grace
    $200 16
Jimmy Neutron

Tamika
    $200 1
a virus

Josh
    $200 6
eggs

Grace
    $200 26
Chelsea Clinton

Tamika
    $200 9
pop

Josh
    $400 22
3

Josh
    $400 17
Danny Phantom (Danny Fenton accepted)

Josh
    $400 2
Microsoft

Josh
    $400 7
New Year's Eve

Josh
    $300 27
(Tamika: Who is Andrew and Teddy Roosevelt?)

George W. Bush and John Quincy Adams

Tamika
    $400 10
Red Rover

Grace
    $600 23
20%

Josh
    $600 18
U-Pick Live

Grace
    $600 3
(Grace: What is Mac?)

modem

Grace
Triple Stumper
    $600 8
pasta

Tamika
    $600 28
[The end-of-round signal sounds.]

George Washington

Triple Stumper
    $600 11
scooper (or scoop)

Josh
    $800 24
(Josh: What is 96?)

120

JoshTamika
    $800 19
(Alex: Yeah, we like [*].)

Arnold

Josh
    $800 4
K

Triple Stumper
    $800 14
(Grace: What is China?)

Thailand

Grace
Triple Stumper
    $800 12
baby teeth

Tamika
    $1000 25
8

Tamika
    $1000 20
My Life as a Teenage Robot

Josh
    $1000 5
local area network

Triple Stumper
    $1000 15
casserole

Tamika
    $1000 13
Neopets

Josh

Scores at the first commercial break (after clue 15):

Josh Grace Tamika
$2,800 -$800 $2,400

Scores at the end of the Jeopardy! Round:

Josh Grace Tamika
$5,200 $0 $4,300

Double Jeopardy! Round responses

GEOGRAPHY "B"
THE YOU-NIVERSE
CIVIL WAR PEOPLE
I KNOW THAT SONG
CREATURE CULTURE
COLORFUL RHYME TIME
    $400 1
the Black Sea

Josh
    $400 16
muscles

Tamika
    $400 27
Richmond

Josh
    $400 11
"It's A Small World"

Grace
    $400 21
termites

Grace
    $400 6
a red bed

Josh
    $800 2
Bethlehem

Josh
    $800 17
the Adam's apple

Triple Stumper
    $800 28
Harriet Tubman

Tamika
    $800 12
"The Itsy Bitsy Spider"

Josh
    $800 22
cub

Josh
    $800 7
a blue shoe

Triple Stumper
    $1,000 3
(Josh: What is Brazil?)
...
(Alex: For Simon Bolivar.)

Bolivia

Josh
    $1200 18
the spine

Tamika
    $1200 26
(Grace: Um, who is... I don't know.)

Zachary Taylor

Grace
Triple Stumper
    $1200 13
free

Tamika
    $1200 23
sleeping

Josh
    $1200 8
a brown clown

Josh
    $1600 4
Bosnia

Grace
    $1600 19
ribs

Triple Stumper
    $700 29
(Tamika: Who is Florence Nightingale?)
...
(Alex: Florence Nightingale was in British history; [*] was the nurse in the American Civil War.)

Clara Barton

Tamika
    $1600 14
to let my people go

Tamika
    $1600 24
hyena

Tamika
    $1600 9
a green queen

Tamika
    $2000 5
the Bahamas

Grace
    $2000 20
chromosomes

Tamika
    $2000 30
Frederick Douglass

Triple Stumper
    $2000 15
"Home On The Range"

Josh
    $2000 25
(Tamika: What are tapeworms?)

leeches

GraceTamika
    $2000 10
pink ink

Tamika

Scores at the end of the Double Jeopardy! Round:

Josh Grace Tamika
$12,200 $5,200 $14,000

[wagering suggestions for these scores]

Final Jeopardy! Round responses

BIBLICAL WEIGHTS AND MEASURES
GraceWhat is the sea of
$5,000
JoshWhat is 1 acre?
$3,200
TamikaWhat is Jesus grav
$3,000
Noah's Ark

Final scores:

Josh Grace Tamika
$9,000 $200 $11,000
2nd place: $2,000 + an AOL for Broadband computer package 3rd place: $1,000 + an AOL for Broadband computer package Winner: $11,000 + an AOL for Broadband computer package

Game dynamics:

Coryat scores:

Josh Grace Tamika
$13,200 $5,200 $15,000
20 R,
2 W
(including 1 DD)
9 R,
3 W
16 R,
3 W
(including 2 DDs)

Combined Coryat: $33,400

[game clues] [game scores] [suggest correction]

Game tape date: 2004-08-24
The J! Archive is created by fans, for fans. Scraping, republication, monetization, and malicious use prohibited; this site may use cookies and collect identifying information. See terms. The Jeopardy! game show and all elements thereof, including but not limited to copyright and trademark thereto, are the property of Jeopardy Productions, Inc. and are protected under law. This website is not affiliated with, sponsored by, or operated by Jeopardy Productions, Inc. Join the discussion at JBoard.tv.